[Event "Online Olym Div3 B 2021"]
[Site "chess.com INT"]
[Date "2021.08.27"]
[Round "1.1"]
[Board "1"]
[White "Paiva, Donaldo"]
[Black "Eiti, Bashir"]
[Result "0-1"]
[WhiteTitle "CM"]
[BlackTitle "IM"]
[WhiteElo "2201"]
[BlackElo "2340"]
[WhiteTeam "Mozambique"]
[BlackTeam "Syria"]
[WhiteFideId "14800098"]
[BlackFideId "7601875"]
[EventDate "2021.08.27"]
[EventType "team"]

1. d4 d6 2. c4 e5 3. Nf3 exd4 4. Nxd4 g6 5. Nc3 Bg7 6. g3 Nc6 7. Nxc6 bxc6 8.
Bg2 Ne7 9. O-O O-O 10. Bg5 Bd7 11. Qd2 Rb8 12. Rad1 f6 13. Bf4 Nf5 14. e4 g5 15.
exf5 gxf4 16. b3 fxg3 17. fxg3 Re8 18. Ne2 Re5 19. Nd4 Qe8 0-1

[Event "Online Olym Div3 B 2021"]
[Site "chess.com INT"]
[Date "2021.08.27"]
[Round "1.1"]
[Board "3"]
[White "Vilhete, Vania Fausto Da T."]
[Black "Yazji, Mada"]
[Result "0-1"]
[WhiteTitle "WIM"]
[WhiteElo "1753"]
[BlackElo "1704"]
[WhiteTeam "Mozambique"]
[BlackTeam "Syria"]
[WhiteFideId "14800144"]
[BlackFideId "7602065"]
[EventDate "2021.08.27"]
[EventType "team"]

1. d4 d5 2. c4 e6 3. e3 Nf6 4. Nf3 c6 5. Bd3 Nbd7 6. O-O dxc4 7. Bxc4 b5 8. Bd3
a6 9. Nc3 c5 10. a3 Bb7 11. Re1 Be7 12. e4 cxd4 13. Nxd4 Nc5 14. Bc2 O-O 15. Bg5
Qc7 16. Qe2 Rfd8 17. Red1 Qe5 18. Nf3 Qc7 19. Rac1 Rxd1+ 20. Rxd1 Rd8 21. Rxd8+
Qxd8 22. h3 h6 23. Bh4 g5 24. Bg3 Nh5 25. Ne5 Nxg3 26. fxg3 Qd4+ 27. Kh2 Qxe5
28. Qe3 Bd6 29. b4 Nd7 30. Qd3 Nf6 31. Qe3 h5 32. Ne2 Nxe4 33. Bxe4 Bxe4 34. Nc3
Bb7 35. Qd3 h4 36. Ne2 hxg3+ 37. Nxg3 Qxg3+ 38. Qxg3 Bxg3+ 39. Kxg3 Kg7 40. Kg4
Kg6 0-1

[Event "Online Olym Div3 B 2021"]
[Site "chess.com INT"]
[Date "2021.08.27"]
[Round "1.1"]
[Board "4"]
[White "Mahmoud, Roula"]
[Black "Curia, Joana"]
[Result "1-0"]
[WhiteTitle "WFM"]
[WhiteElo "1765"]
[BlackElo "1492"]
[WhiteTeam "Syria"]
[BlackTeam "Mozambique"]
[WhiteFideId "7601263"]
[BlackFideId "14800454"]
[EventDate "2021.08.27"]
[EventType "team"]

1. e4 b6 2. Nf3 Bb7 3. Nc3 h6 4. d4 e6 5. Be2 Bb4 6. e5 Bxc3+ 7. bxc3 Ne7 8. O-O
O-O 9. Bd2 f5 10. Qc1 Rf7 11. Ne1 Nbc6 12. Bh5 Qe8 13. Bxf7+ Qxf7 14. Nd3 Qg6
15. Nf4 Qf7 16. h4 Ng6 17. Nxg6 Qxg6 18. f3 Qg3 19. Qe1 Qxe1 20. Raxe1 Ne7 21.
h5 Kh7 22. g4 Rf8 23. Kh2 g5 24. hxg6+ Kxg6 25. gxf5+ Nxf5 26. Rg1+ Kh7 27. Ref1
Nh4 28. Be1 Nxf3+ 29. Kh1 Nxe1+ 30. Kh2 Nf3+ 31. Kg3 Nxg1 32. Rxf8 Nf3 33. Rf7+
Kg6 34. Rxd7 Ng5 35. Rxc7 Bd5 36. Rxa7 Ne4+ 37. Kf4 Nxc3 38. a4 b5 39. axb5 Nxb5
40. Ra4 Nc3 41. Ra5 Ne2+ 42. Ke3 Nc3 43. Kd3 1-0

[Event "Online Olym Div3 B 2021"]
[Site "chess.com INT"]
[Date "2021.08.27"]
[Round "1.1"]
[Board "5"]
[White "Vasco, Mateus Felizardo Viageiro"]
[Black "Kareem, Hneidi."]
[Result "0-1"]
[WhiteElo "1862"]
[BlackElo "1967"]
[WhiteTeam "Mozambique"]
[BlackTeam "Syria"]
[WhiteFideId "14800403"]
[BlackFideId "7608730"]
[EventDate "2021.08.27"]
[EventType "team"]

1. e4 c5 2. Nf3 Nc6 3. Bb5 g6 4. O-O Bg7 5. Re1 d6 6. c3 Bd7 7. h3 Qb6 8. a4 a6
9. Bf1 Ne5 10. Na3 Nxf3+ 11. Qxf3 Bxa4 12. Nc4 Qc6 13. Rxa4 Qxa4 14. Nb6 Qc6 15.
Nxa8 e6 16. Bc4 Ne7 17. Bd5 exd5 18. exd5 Qd7 19. d4 O-O 20. Nb6 Qc7 21. dxc5
dxc5 22. Nc4 Nf5 23. Bf4 Qd8 24. Rd1 b5 25. Ne3 Nxe3 26. Bxe3 c4 27. d6 Qd7 28.
Bc5 Rc8 29. Qd5 Bf8 30. Bb4 Rc6 31. Ba3 Rc8 32. Qe5 Rc6 33. Qd5 Rc8 34. Bb4 Rd8
35. Kf1 h5 36. Ba5 Re8 37. Bc7 Re6 38. Qa8 Kg7 39. Qxa6 h4 40. Qa8 Bxd6 41. Bb6
Qe7 42. Qd5 b4 43. Qxc4 bxc3 44. bxc3 Be5 45. Bd4 Bxd4 46. cxd4 Qd6 47. Kg1 Re4
48. Qc3 Qd5 49. f3 Re2 50. Qc5 Qa2 51. Qg5 f6 52. Qg4 Qc2 53. Ra1 Qc7 54. Qxh4
Rd2 55. Qe4 Qd7 56. Qa8 Kh6 57. Qh8+ Kg5 58. h4+ Kf5 59. g4+ Kf4 60. Qxf6+ Kg3
61. Qe5+ Kh3 62. h5 gxh5 63. Qxh5+ Kg3 64. Qe5+ Kh3 65. Rf1 Qc8 66. Qe3 Qc3 67.
Qh6+ Kg3 68. Qd6+ Kh3 0-1

[Event "Online Olym Div3 B 2021"]
[Site "chess.com INT"]
[Date "2021.08.27"]
[Round "1.2"]
[Board "1"]
[White "Methu, Joseph Muragu"]
[Black "Salih, Akar Ali Salih"]
[Result "0-1"]
[BlackTitle "FM"]
[WhiteElo "2125"]
[BlackElo "2274"]
[WhiteTeam "Kenya"]
[BlackTeam "Iraq"]
[WhiteFideId "10804714"]
[BlackFideId "4800575"]
[EventDate "2021.08.27"]
[EventType "team"]

1. d4 Nf6 2. c4 g6 3. Nc3 Bg7 4. Nf3 O-O 5. Bf4 d6 6. e3 Nbd7 7. h3 b6 8. Be2
Bb7 9. O-O Re8 10. Rc1 e5 0-1

[Event "Online Olym Div3 B 2021"]
[Site "chess.com INT"]
[Date "2021.08.27"]
[Round "1.2"]
[Board "2"]
[White "Ahmed, Ali Layth Ahmed"]
[Black "Njoroge, Martin"]
[Result "1-0"]
[WhiteTitle "FM"]
[WhiteElo "2253"]
[BlackElo "1958"]
[WhiteTeam "Iraq"]
[BlackTeam "Kenya"]
[WhiteFideId "4801920"]
[BlackFideId "10801952"]
[EventDate "2021.08.27"]
[EventType "team"]

1. d4 Nf6 2. c4 g6 3. Nc3 Bg7 4. e4 d6 5. Be2 O-O 6. Bg5 Nc6 7. d5 Nb8 8. Qd2 e6
9. Nf3 exd5 10. exd5 Re8 11. O-O Nbd7 12. Bd3 Nc5 13. Bc2 a5 14. Rfe1 Bg4 15.
Qf4 Bxf3 16. Qxf3 Ncd7 17. Qh3 Qc8 18. Qh4 c6 19. Rxe8+ Nxe8 20. Bd2 1-0

[Event "Online Olym Div3 B 2021"]
[Site "chess.com INT"]
[Date "2021.08.27"]
[Round "1.2"]
[Board "3"]
[White "Ndirangu, Nyaruai, Joyce"]
[Black "A-Ali, Sali Abbas Abdulzahra"]
[Result "1-0"]
[WhiteTitle "WCM"]
[BlackTitle "WFM"]
[WhiteElo "1647"]
[BlackElo "1919"]
[WhiteTeam "Kenya"]
[BlackTeam "Iraq"]
[WhiteFideId "10802886"]
[BlackFideId "4804929"]
[EventDate "2021.08.27"]
[EventType "team"]

1. d4 d5 2. Nf3 Nf6 3. Bf4 e6 4. e3 Bd6 5. Bg5 h6 6. Bh4 O-O 7. Bd3 b6 8. Nbd2
c5 9. c3 Ba6 10. Bc2 Be7 11. Ne5 Qc7 12. Rc1 Nc6 13. f4 Rac8 14. Ndf3 Ne4 15.
Bxe7 Nxe7 16. Bd3 Bxd3 17. Qxd3 Nf5 18. O-O Qe7 19. Nd2 Nfd6 20. Nxe4 Nxe4 21.
f5 Qg5 22. fxe6 fxe6 23. Rce1 Rf5 24. Rxf5 exf5 25. dxc5 Rxc5 26. b4 Rxc3 27.
Qxd5+ Kh7 28. Nf3 Rxe3 29. Nxg5+ hxg5 30. Qxf5+ g6 31. Qf7+ Kh6 32. Rxe3 1-0

[Event "Online Olym Div3 B 2021"]
[Site "chess.com INT"]
[Date "2021.08.27"]
[Round "1.2"]
[Board "4"]
[White "Al-Fayyadh, Zainab Asif Abdulah"]
[Black "Wanjiru, Lucy"]
[Result "1/2-1/2"]
[BlackTitle "WCM"]
[WhiteElo "1658"]
[BlackElo "1619"]
[WhiteTeam "Iraq"]
[BlackTeam "Kenya"]
[WhiteFideId "4806476"]
[BlackFideId "10808590"]
[EventDate "2021.08.27"]
[EventType "team"]

1. e4 e5 2. Nf3 Nc6 3. Bb5 a6 4. Ba4 Bc5 5. O-O b5 6. Bb3 Nf6 7. c3 Be7 8. Re1
d6 9. d4 exd4 10. Nxd4 Na5 11. Bc2 c5 12. Nf5 Bxf5 13. exf5 O-O 14. Nd2 d5 15.
Nf3 Nc6 16. Bf4 Re8 17. Ne5 Nxe5 18. Bxe5 Qd7 19. Qf3 Rad8 20. Rad1 d4 21. cxd4
cxd4 22. Rxd4 Qc8 23. Bb3 Bc5 24. Rxd8 Qxd8 25. Rd1 Qa5 26. Bc3 Qc7 27. Bxf6
gxf6 28. Qg4+ Kh8 29. Qh4 Qe5 30. h3 Bd6 31. g3 Re7 32. Qd4 Bc5 33. Qxe5 Rxe5
34. Bxf7 Rxf5 35. Rd2 Kg7 36. Be6 Re5 37. Bc8 a5 38. a3 b4 39. axb4 Bxb4 40. Rc2
Re1+ 41. Kg2 Re7 42. Bf5 h6 43. g4 Be1 44. f4 Bb4 45. Kf3 Re1 46. Rc7+ Re7 47.
Rxe7+ Bxe7 48. b3 Kf8 49. Ke4 Ke8 50. Kd5 Kd8 51. Ke6 Ke8 52. Bg6+ Kf8 53. h4
Bb4 54. Kxf6 Bc3+ 55. Ke6 Bd2 56. f5 Be1 57. g5 hxg5 58. hxg5 Bd2 59. Kf6 Bc3+
60. Ke6 Kg7 61. Be8 Kf8 62. Bb5 Bd2 63. g6 Kg7 64. Bd3 Bc3 65. Kd6 Kf6 66. Kc6
Kg7 67. Kb5 Kf6 68. Kc4 Ba1 69. b4 axb4 70. Kxb4 Be5 71. Kc5 Kg7 72. Kd5 Ba1 73.
Ke6 Bb2 74. Ke7 Ba1 75. Ke8 Bb2 76. Be4 Ba1 77. Ke7 Bb2 78. Ke8 Ba1 79. Ke7 Bb2
80. Ke8 1/2-1/2

[Event "Online Olym Div3 B 2021"]
[Site "chess.com INT"]
[Date "2021.08.27"]
[Round "1.2"]
[Board "5"]
[White "Mcligeyo, Robert"]
[Black "Rabeea, Sabah Nori"]
[Result "0-1"]
[BlackTitle "FM"]
[WhiteElo "1688"]
[BlackElo "2009"]
[WhiteTeam "Kenya"]
[BlackTeam "Iraq"]
[WhiteFideId "10814647"]
[BlackFideId "4806212"]
[EventDate "2021.08.27"]
[EventType "team"]

1. c4 e6 2. Nf3 d5 3. d4 Nf6 4. Nc3 c6 5. Bg5 Nbd7 6. e3 Qa5 7. Bxf6 Nxf6 8. Bd3
Bb4 9. Qc2 O-O 10. O-O dxc4 11. Bxc4 Qh5 12. Bd3 Bd6 13. e4 e5 14. d5 cxd5 15.
exd5 Bg4 16. Ne4 Nxe4 17. Bxe4 f5 18. h3 Bxh3 19. gxh3 fxe4 20. Qxe4 Rxf3 21.
Qg4 Rxh3 22. Qe6+ Kh8 23. Qxd6 Rh1+ 24. Kg2 Qh3# 0-1

[Event "Online Olym Div3 B 2021"]
[Site "chess.com INT"]
[Date "2021.08.27"]
[Round "1.2"]
[Board "6"]
[White "Al-Fayyadh, Yamama Asif Abdula"]
[Black "Gosrani, Naiya"]
[Result "1-0"]
[WhiteTitle "WCM"]
[WhiteElo "1659"]
[BlackElo "1331"]
[WhiteTeam "Iraq"]
[BlackTeam "Kenya"]
[WhiteFideId "4806700"]
[BlackFideId "10805397"]
[EventDate "2021.08.27"]
[EventType "team"]

1. e4 e5 2. Nf3 Nc6 3. Bb5 a6 4. Ba4 b5 5. Bb3 Bc5 6. O-O d6 7. c3 Nf6 8. d4
exd4 9. cxd4 Ba7 10. h3 O-O 11. Bg5 h6 12. Bh4 g5 13. Bg3 Nxe4 14. Qc2 Nxg3 15.
Qg6+ Kh8 16. Qxh6+ Kg8 17. Nxg5 Ne2+ 18. Kh1 Bf5 19. g4 Bg6 20. Qxg6+ Kh8 21.
Qh7# 1-0

[Event "Online Olym Div3 B 2021"]
[Site "chess.com INT"]
[Date "2021.08.27"]
[Round "1.3"]
[Board "1"]
[White "Zaibi, Amir"]
[Black "Khairallah, Faisal"]
[Result "0-1"]
[WhiteTitle "GM"]
[BlackTitle "FM"]
[WhiteElo "2398"]
[BlackElo "2247"]
[WhiteTeam "Tunisia"]
[BlackTeam "Lebanon"]
[WhiteFideId "5500796"]
[BlackFideId "4628250"]
[EventDate "2021.08.27"]
[EventType "team"]

1. e4 c5 2. Nf3 Nc6 3. Nc3 Nf6 4. d4 cxd4 5. Nxd4 Qb6 6. Be3 Qc7 7. Ndb5 Qa5 8.
Bd2 Qd8 9. Nd5 Nxd5 10. exd5 Ne5 11. f4 Ng6 12. Qe2 d6 13. Qc4 Kd7 14. g3 Qb6
15. Qa4 e6 16. O-O-O Ke7 0-1

[Event "Online Olym Div3 B 2021"]
[Site "chess.com INT"]
[Date "2021.08.27"]
[Round "1.3"]
[Board "2"]
[White "Salman, Samer"]
[Black "Ben Brahem, Aymen"]
[Result "1-0"]
[WhiteElo "1912"]
[BlackElo "2152"]
[WhiteTeam "Lebanon"]
[BlackTeam "Tunisia"]
[WhiteFideId "5307503"]
[BlackFideId "5504899"]
[EventDate "2021.08.27"]
[EventType "team"]

1. e4 c5 2. Nf3 d6 3. d3 Nf6 4. g3 Nc6 5. Bg2 g6 6. O-O Bg7 7. c3 O-O 8. Re1 Rb8
9. a4 a6 10. d4 Nd7 11. Bf4 cxd4 12. Nxd4 Nxd4 13. cxd4 Qb6 14. Be3 Qxb2 15. Na3
b5 16. axb5 axb5 17. Qd3 b4 18. Reb1 Nc5 19. dxc5 bxa3 20. Rxb2 Bxb2 21. Rxa3
Bxa3 22. Qxa3 Rb1+ 23. Bf1 Bh3 24. Bc1 Rc8 25. Bd3 Rbb8 26. cxd6 exd6 27. f4 Ra8
28. Qb2 Rab8 29. Qd2 Ra8 30. Bb2 Ra2 31. Bb1 Ra4 32. Kf2 Rb8 33. Qc3 Kf8 34.
Qh8+ Ke7 35. Qxb8 1-0

[Event "Online Olym Div3 B 2021"]
[Site "chess.com INT"]
[Date "2021.08.27"]
[Round "1.3"]
[Board "3"]
[White "Ben Said, Safa"]
[Black "Mouradian, Knarik"]
[Result "0-1"]
[WhiteTitle "WFM"]
[BlackTitle "WIM"]
[WhiteElo "1577"]
[BlackElo "2121"]
[WhiteTeam "Tunisia"]
[BlackTeam "Lebanon"]
[WhiteFideId "5503400"]
[BlackFideId "5300517"]
[EventDate "2021.08.27"]
[EventType "team"]

1. e4 c5 2. Nf3 d6 3. d4 cxd4 4. Nxd4 Nf6 5. Nc3 a6 6. Be2 e5 7. Nf3 Be7 8. h3
O-O 9. Be3 Nbd7 10. Qd2 Qc7 11. O-O b5 12. a3 Bb7 13. Bd3 Rfd8 14. Rad1 Nc5 15.
Bxc5 dxc5 16. Qe3 c4 17. Be2 Bc5 18. Qg5 Bd4 19. Nxd4 exd4 20. e5 Ne4 21. Nxe4
Bxe4 22. Rd2 c3 23. bxc3 dxc3 24. Rxd8+ Rxd8 25. Bd1 h6 26. Qg3 Rd2 27. f4 Rxg2+
28. Qxg2 Bxg2 29. Kxg2 Qc6+ 30. Kg3 Qc5 31. Rf3 Qxa3 32. Rd3 g6 33. Bf3 Qc5 34.
Be4 Qg1+ 35. Kf3 Qh1+ 36. Ke2 Qxe4+ 0-1

[Event "Online Olym Div3 B 2021"]
[Site "chess.com INT"]
[Date "2021.08.27"]
[Round "1.3"]
[Board "4"]
[White "Nekrasova, Elena"]
[Black "Miladi, Amen"]
[Result "1-0"]
[WhiteTitle "WFM"]
[BlackTitle "WFM"]
[WhiteElo "2028"]
[BlackElo "1665"]
[WhiteTeam "Lebanon"]
[BlackTeam "Tunisia"]
[WhiteFideId "14100908"]
[BlackFideId "5503779"]
[EventDate "2021.08.27"]
[EventType "team"]

1. e4 c5 2. Nf3 e6 3. d4 cxd4 4. Nxd4 Nc6 5. Nc3 Nf6 6. Ndb5 d6 7. Bf4 e5 8. Bg5
a6 9. Na3 Be6 10. Nc4 Rc8 11. Ne3 Nd4 12. Bd3 h6 13. Bxf6 gxf6 14. Ncd5 Bxd5 15.
Nxd5 f5 16. c3 fxe4 17. Bxe4 Ne6 18. Qa4+ b5 19. Qxa6 Rc5 20. b4 Rxd5 21. Bxd5
Nc7 22. Qc6+ Ke7 23. O-O Bg7 24. a4 1-0

[Event "Online Olym Div3 B 2021"]
[Site "chess.com INT"]
[Date "2021.08.27"]
[Round "1.3"]
[Board "5"]
[White "Chorfen, Youssef"]
[Black "Arkadan, Adib"]
[Result "0-1"]
[WhiteElo "1861"]
[BlackElo "1742"]
[WhiteTeam "Tunisia"]
[BlackTeam "Lebanon"]
[WhiteFideId "5508665"]
[BlackFideId "5304946"]
[EventDate "2021.08.27"]
[EventType "team"]

1. e4 c5 2. Ne2 Nc6 3. Nbc3 d6 4. g3 g6 5. Bg2 Bg7 6. O-O e6 7. d3 Nge7 8. Be3
Nd4 9. Qd2 O-O 10. Nd1 f5 11. c3 Nxe2+ 12. Qxe2 e5 13. f4 fxe4 14. dxe4 Nc6 15.
Nf2 Qe7 16. Rad1 Be6 17. b3 Rad8 18. Rd2 exf4 19. gxf4 Bxc3 20. Rd3 Bd4 21. Rfd1
Bxe3 22. Qxe3 Nd4 23. e5 d5 24. Rxd4 cxd4 25. Qxd4 Qh4 26. Nd3 g5 27. Nc5 Rxf4
28. Qe3 d4 29. Qd2 Bd5 30. Nxb7 Bxb7 31. Bxb7 Re8 32. e6 Qg4+ 33. Kh1 Qxe6 34.
Rg1 h6 35. Qxf4 Qd7 36. Qf3 Re3 37. Qg2 d3 38. Rd1 Kg7 39. Qd5 Qe7 40. Qd4+ Kg6
41. Rf1 Qxb7+ 42. Kg1 Qb6 43. Rf6+ Qxf6 44. Qxe3 Qa1+ 45. Kf2 Qxa2+ 46. Kg3 Qxb3
47. Qe8+ Qf7 48. Qe4+ Qf5 49. Qe8+ Kg7 50. Qe7+ Qf7 51. Qe5+ Kg8 52. Qb8+ Kh7
53. Qd8 Qf4+ 54. Kg2 Qe4+ 55. Kf2 Qe2+ 56. Kg3 Qe3+ 57. Kg2 Kg6 58. Qd6+ Kh5 59.
h3 d2 60. Qd7 Qe2+ 61. Kg3 Qe1+ 62. Kg2 Qe4+ 63. Kg3 Qf4+ 64. Kg2 Kh4 65. Qd3 h5
66. Qb3 Qe4+ 67. Kh2 Qe2+ 68. Kh1 d1=Q+ 69. Qxd1 Qxd1+ 70. Kh2 Qe2+ 71. Kg1 Kxh3 0-1

[Event "Online Olym Div3 B 2021"]
[Site "chess.com INT"]
[Date "2021.08.27"]
[Round "1.4"]
[Board "1"]
[White "Ortega Amarelle, Mariano"]
[Black "O'Donnell, Conor"]
[Result "1-0"]
[WhiteTitle "IM"]
[BlackTitle "FM"]
[WhiteElo "2463"]
[BlackElo "2314"]
[WhiteTeam "Cape Verde"]
[BlackTeam "Ireland"]
[WhiteFideId "3504301"]
[BlackFideId "2504243"]
[EventDate "2021.08.27"]
[EventType "team"]

1. d4 d5 2. Nf3 Nf6 3. Bf4 c5 4. e3 Nc6 5. Nbd2 e6 6. c3 cxd4 7. exd4 Nh5 8. Be3
Bd6 9. g3 O-O 10. Ne5 g6 11. Nd3 b6 12. Be2 Ng7 13. Bf4 Ba6 14. Bxd6 Qxd6 15.
O-O Rad8 16. Ne5 Bxe2 17. Qxe2 Nxe5 18. dxe5 Qc6 19. Nf3 Nf5 20. g4 Ne7 21. Nd4
Qd7 22. f4 Nc6 23. Rad1 Nxd4 24. Rxd4 f5 25. exf6 Rxf6 26. Qe5 Rf7 27. Re1 Rdf8
28. h3 b5 29. Qxe6 Qxe6 30. Rxe6 Rxf4 31. Rxf4 Rxf4 32. Rd6 b4 33. cxb4 Rxb4 34.
b3 a5 35. Rxd5 a4 36. Rd3 h5 37. gxh5 gxh5 38. Kf2 Kf7 39. Ke2 axb3 40. axb3 Kf6
41. Kd2 Rb8 42. Kc3 h4 43. b4 Ke5 44. Rd4 Rc8+ 45. Rc4 Rh8 46. b5 Kd5 47. Kb4
Rh7 48. Rg4 Rh6 49. Ka5 Kd6 50. b6 Kc6 51. Ka6 Rh8 52. Rg6+ Kd7 53. b7 1-0

[Event "Online Olym Div3 B 2021"]
[Site "chess.com INT"]
[Date "2021.08.27"]
[Round "1.4"]
[Board "2"]
[White "Jessel, Stephen"]
[Black "Mirulla, David"]
[Result "1-0"]
[WhiteTitle "FM"]
[WhiteElo "2297"]
[BlackElo "1956"]
[WhiteTeam "Ireland"]
[BlackTeam "Cape Verde"]
[WhiteFideId "628859"]
[BlackFideId "2830235"]
[EventDate "2021.08.27"]
[EventType "team"]

1. Nf3 Nf6 2. c4 g6 3. b4 Bg7 4. Bb2 O-O 5. g3 d6 6. Bg2 a5 7. b5 e5 8. O-O Nbd7
9. d3 Nc5 10. Nc3 Rb8 11. Nd2 b6 12. Ba3 Nfd7 13. Rc1 Bb7 14. Bxc5 Bxg2 15. Kxg2
Nxc5 16. Nde4 Ne6 17. Nd5 f5 18. Nec3 Bh6 19. e3 f4 20. Qg4 f3+ 21. Kh1 Ng5 22.
h4 Nf7 23. Ne4 Bg7 24. Qxf3 Ng5 25. Qg4 Nf3 26. Kg2 Rf7 27. Rh1 Qf8 28. Rcf1 Kh8
29. h5 gxh5 30. Rxh5 h6 31. Qg6 1-0

[Event "Online Olym Div3 B 2021"]
[Site "chess.com INT"]
[Date "2021.08.27"]
[Round "1.4"]
[Board "3"]
[White "Rodriguez Guevara, Celia M."]
[Black "Kanyamarala, Trisha"]
[Result "0-1"]
[BlackTitle "WIM"]
[WhiteElo "1849"]
[BlackElo "2180"]
[WhiteTeam "Cape Verde"]
[BlackTeam "Ireland"]
[WhiteFideId "3511596"]
[BlackFideId "45004722"]
[EventDate "2021.08.27"]
[EventType "team"]

1. e4 c5 2. Nf3 d6 3. g3 Nf6 4. d3 Nc6 5. Bg2 g6 6. O-O Bg7 7. Re1 O-O 8. e5
dxe5 9. Nxe5 Nxe5 10. Rxe5 Ng4 11. Re2 Ne5 12. h3 Nc6 13. Nc3 Nd4 14. Re1 e5 15.
Ne4 Qc7 16. Bd2 Rb8 17. a4 b6 18. Qc1 Bb7 19. a5 Bc6 20. axb6 axb6 21. Qd1 Rbd8
22. Bg5 f6 23. Be3 Ne6 24. Qc1 Qb7 25. f3 f5 26. Nd2 f4 27. Bf2 Ng5 28. Qd1 Qd7
29. h4 fxg3 30. Bxg3 Nh3+ 31. Kh2 Nf4 32. Bxf4 Rxf4 33. Kg3 Qe7 34. Rh1 Rdf8 35.
Ne4 Bh6 36. Qe2 R4f5 37. Raf1 Qd8 38. Bh3 Rf4 39. Bg4 Bd7 40. Kh3 Bf5 41. Rhg1
Qd7 42. Qg2 Qe7 43. Bxf5 Qxh4# 0-1

[Event "Online Olym Div3 B 2021"]
[Site "chess.com INT"]
[Date "2021.08.27"]
[Round "1.4"]
[Board "5"]
[White "Santos, Bruno Miguel Araujo"]
[Black "Kanyamarala, Tarun"]
[Result "0-1"]
[BlackTitle "FM"]
[WhiteElo "1409"]
[BlackElo "2369"]
[WhiteTeam "Cape Verde"]
[BlackTeam "Ireland"]
[WhiteFideId "23600349"]
[BlackFideId "45004714"]
[EventDate "2021.08.27"]
[EventType "team"]

1. e4 c6 2. d3 e5 3. Nf3 Nf6 4. Nxe5 Qa5+ 5. Nc3 Qxe5 6. g3 Bb4 7. Bd2 d5 8. Bg2
dxe4 9. dxe4 O-O 10. O-O Na6 11. Re1 Bg4 12. f3 Be6 13. a3 Bxc3 14. Bxc3 Qc5+
15. Kh1 Rad8 16. Qe2 Bc4 17. Qe3 Qxe3 18. Rxe3 Rfe8 19. f4 Nd5 20. Ree1 Nxc3 21.
bxc3 Nc5 22. e5 Bd5 23. Rab1 Bxg2+ 24. Kxg2 Rd2+ 0-1

[Event "Online Olym Div3 B 2021"]
[Site "chess.com INT"]
[Date "2021.08.27"]
[Round "1.5"]
[Board "1"]
[White "Belachew, Yimam Abera"]
[Black "Mansour, Sameer"]
[Result "0-1"]
[WhiteTitle "FM"]
[BlackTitle "IM"]
[WhiteElo "2116"]
[BlackElo "2308"]
[WhiteTeam "Ethiopia"]
[BlackTeam "Jordan"]
[WhiteFideId "15700046"]
[BlackFideId "8100144"]
[EventDate "2021.08.27"]
[EventType "team"]

1. e4 d6 2. d4 Nf6 3. Nc3 g6 4. Bd3 Bg7 5. Nge2 O-O 6. O-O e5 7. Bg5 h6 8. Bh4
g5 9. Bg3 Nh5 10. dxe5 dxe5 11. h3 Be6 12. Kh2 c6 13. Ng1 Nf4 14. Qf3 Nd7 15.
Rad1 Qf6 16. Bxf4 exf4 17. Rfe1 Ne5 18. Qh5 g4 19. Nce2 Rad8 20. g3 fxg3+ 21.
fxg3 Qf2+ 22. Kh1 Nf3 23. Nxf3 gxf3 24. Nf4 Qxg3 25. Rg1 Qxf4 26. Rdf1 f2 27.
Rg2 Rxd3 28. cxd3 Rd8 29. Rfxf2 Qe3 30. Rf3 Qc1+ 31. Rg1 Qxb2 32. Qxh6 Kf8 33.
Qg5 Rd7 34. Rfg3 Bf6 35. Qh6+ Ke7 36. Rf3 Qe5 37. Rgf1 Bg7 38. Qh4+ Kd6 39. d4
Qxd4 40. e5+ Bxe5 41. Qxd4+ Bxd4 42. Rd3 c5 43. h4 Rd8 44. Rf4 Rh8 45. Kg2 Kc6
46. Kf3 b5 47. a3 a5 48. Rd2 b4 49. axb4 axb4 50. Rh2 b3 51. h5 b2 52. Rh1 Rxh5
53. Rb1 Rh2 54. Ke4 Rd2 55. Rff1 c4 56. Rfd1 Rxd1 57. Rxd1 c3 58. Rxd4 b1=Q+ 0-1

[Event "Online Olym Div3 B 2021"]
[Site "chess.com INT"]
[Date "2021.08.27"]
[Round "1.5"]
[Board "2"]
[White "Aboudi, Marwan"]
[Black "Tsige, Addisalem Temesgen"]
[Result "1/2-1/2"]
[WhiteElo "2136"]
[BlackElo "2050"]
[WhiteTeam "Jordan"]
[BlackTeam "Ethiopia"]
[WhiteFideId "8100160"]
[BlackFideId "15700160"]
[EventDate "2021.08.27"]
[EventType "team"]

1. e4 c5 2. Nf3 g6 3. d4 cxd4 4. Nxd4 Nc6 5. Be3 Nf6 6. Nc3 Bg7 7. Bc4 O-O 8.
Bb3 Re8 9. O-O d6 10. f4 Ng4 11. Nxc6 bxc6 12. Bd4 Bxd4+ 13. Qxd4 Qb6 14. Rad1
Ba6 15. Qxb6 axb6 16. Rfe1 Rad8 17. h3 Nf6 18. Kf2 Nh5 19. g3 e6 20. Rd2 d5 21.
exd5 exd5 22. Rdd1 Nf6 23. Rxe8+ Rxe8 24. Re1 Rxe1 25. Kxe1 Kf8 26. Na4 Nd7 27.
Kf2 Ke7 28. Nc3 Kd6 29. Nb1 c5 30. c3 Bd3 31. Nd2 f5 32. Ke3 Ba6 33. Bc2 Nf6 34.
Bd1 Nd7 35. Nf3 Bf1 36. h4 Bg2 37. Ng5 Nf6 38. Bc2 Ke7 39. Kf2 Be4 40. Bxe4
Nxe4+ 41. Nxe4 dxe4 42. Ke3 b5 43. b3 Kd6 44. Kd2 Kd5 45. Ke3 b4 46. c4+ Ke6 47.
Ke2 Kf6 48. Ke3 h6 49. Ke2 g5 50. h5 gxf4 51. gxf4 Ke6 52. Ke3 Kd6 53. Ke2 1/2-1/2

[Event "Online Olym Div3 B 2021"]
[Site "chess.com INT"]
[Date "2021.08.27"]
[Round "1.5"]
[Board "3"]
[White "Haile, Lidet, Abate"]
[Black "Boshra, Alshaeby"]
[Result "0-1"]
[BlackTitle "WFM"]
[WhiteElo "1606"]
[BlackElo "2033"]
[WhiteTeam "Ethiopia"]
[BlackTeam "Jordan"]
[WhiteFideId "15702073"]
[BlackFideId "8102937"]
[EventDate "2021.08.27"]
[EventType "team"]

1. e4 c5 2. Nf3 g6 3. Bc4 Bg7 4. O-O e6 5. c3 Ne7 6. d4 cxd4 7. cxd4 d5 8. exd5
exd5 9. Bb3 O-O 10. h3 Nbc6 11. Nc3 h6 12. Re1 Be6 13. Be3 Nf5 14. Qd2 Na5 15.
Bc2 Nc4 16. Qc1 Kh7 17. Bxf5 Bxf5 18. b3 Na5 19. Qd2 Rc8 20. Rac1 Nc6 21. Na4
Qf6 22. Kh2 Be4 23. Ne5 Nxe5 24. dxe5 Qxe5+ 25. f4 Qb8 26. Nc5 Rfd8 27. Red1 b6
28. Nxe4 dxe4 29. Qf2 Rxc1 30. Rxc1 Rd3 31. Rc2 Qd6 32. g3 f5 33. h4 h5 34. Kh3
Rd1 35. Rd2 Rxd2 36. Qxd2 Qxd2 37. Bxd2 Kg8 38. Kg2 Kf7 39. Kf2 Ke6 40. Ke2 Kd5
41. Be3 Bd4 42. Bd2 Bg1 43. Kf1 Bc5 44. Ke2 a5 45. Be1 Kd4 46. a3 Bxa3 47. Bf2+
Kc3 48. Bxb6 Bb4 49. Ke3 Kxb3 50. Kd4 a4 51. Kd5 a3 52. Bd4 Bc3 53. Bxc3 Kxc3
54. Ke6 a2 55. Kf6 a1=Q 56. Kxg6 e3 57. Kxf5 e2 58. Kg5 Qa5+ 59. f5 e1=Q 60. g4
Qe3+ 61. Kxh5 Qd8 62. g5 Qh8+ 63. Kg4 Qe4+ 64. Kg3 Qhxh4# 0-1